000 00346nam a2200157Ia 4500
003 OSt
005 20240125093711.0
008 170524s9999 xx 000 0 und d
020 _a 9789352606429
040 _cIIMT UNIVERSITY
100 _aNAG P.K
245 0 _aENGINEERING THERMODYNAMICS
260 _bTMH
260 _c2005
942 _2ddc
_c02
999 _c5442
_d5442